000 00323nam a2200133Ia 4500
005 20260328104311.0
008 260328s9999||||xx |||||||||||||| ||und||
100 _aAdriá, Miquel
245 0 _aTeodoro González de León /
_cMiquel Adriá
260 _bArquine
300 _a140 p.
650 _aARQUITECTOS
942 _cBK
999 _c10973
_d10973